| 000 | 00488aam a2200193 4500 | ||
|---|---|---|---|
| 005 | 20160906143719.0 | ||
| 008 | 150810b xxu||||| |||| 00| 0 spa d | ||
| 041 | _aEspañol | ||
| 082 | _a617.695 O12m | ||
| 100 |
_aOBrien, William _918520 |
||
| 100 |
_aRyge, Gunnar _918521 |
||
| 245 | _aMateriales Dentales y su selección | ||
| 260 | _aArgentina | ||
| 260 | _bMedica Panamericana | ||
| 260 | _c1980 | ||
| 300 | _a327 páginas | ||
| 650 |
_aMATERIALES DENTALES _93183 |
||
| 942 | _cBK | ||
| 999 |
_c556 _d556 |
||